The development of European Private Law in a multilevel legal order
Guardat en:
| Autor principal: | |
|---|---|
| Format: | Llibre |
| Idioma: | anglès |
| Publicat: |
Cambridge
Intersentia
2016
|
| Edició: | 1a. ed |
| Col·lecció: | Ius Commune Europaeum
|
| Matèries: | |
| Etiquetes: |
Afegir etiqueta
Sense etiquetes, Sigues el primer a etiquetar aquest registre!
|
MARC
| LEADER | 00000cam a2200000 a 4500 | ||
|---|---|---|---|
| 001 | UCC9451 | ||
| 003 | CL-VaPUC | ||
| 008 | 190927e20160000uk |||||||||||||||||eng|d | ||
| 020 | |a 9781780683676 | ||
| 082 | 0 | 4 | |a 346.4 |b SCH |2 21 |
| 100 | 0 | |a Schagen, Esther van |e author |9 604532 | |
| 245 | 1 | 4 | |a The development of European Private Law in a multilevel legal order |
| 250 | |a 1a. ed | ||
| 300 | |a 659 p | ||
| 942 | |c BK | ||
| 945 | |d 20190927 15:31:00 |a dcastane | ||
| 260 | |a Cambridge |b Intersentia |c 2016 | ||
| 650 | 7 | |a DERECHO PRIVADO ALEMAN |2 CL-VaPUC |9 604533 | |
| 650 | 0 | |a Derecho civil |9 255013 | |
| 583 | |a last modification |c 20190927 15:31:00 |k Rodrigo Vera | ||
| 490 | 0 | |a Ius Commune Europaeum | |
| 999 | |c 375632 |d 375630 | ||
| 952 | |0 0 |1 0 |3 erb |4 0 |6 346_400000000000000_SCH_2016 |7 0 |8 WP_COW |9 561455 |a BIBDER |b BIBDER |e Fundación W and P Cowley |i 5602548 |o 346.4 SCH 2016 |p 5602548 |r 2023-01-25 |w 2020-03-12 |y BK |z Catalogado en:20190927 |k WPC | ||